000 00797nas a2200265 4500
001 BR2012005367
003 BR-BrBNA
005 20231205120853.0
007 ta
008 230509b bl.|||p| |||| 00| 00por d
040 _aBR-BrBNA
_bpor
_cBiblioteca Nacional de Agricultura
041 _a(Pt)
072 _aJ11
100 1 _aCanaver, B.S.
100 1 _aPiero, R.M.
245 1 _aQuitosana e adjuvantes para o controle preventivo do mofo azul da macieira
650 _aMAÇÃ
650 _aMOFO
650 _aCONTAMINAÇÃO FÚNGICA
650 _aARMAZENAMENTO
650 _aPERDA PÓS-COLHEITA
773 0 _tTropical Plant Pathology (Brazil)
_xISSN 1982-5676
_g(Nov-Dec 2011), v. 36(6) p. 419-423
_wBR2012005367
909 _a202311
_bLúcia
_c55
_dLúcia Elande
942 _2AGRIS
_n0
_cANA
999 _c220733
_d220733